000 01700nam a2200457 i 4500
001 8444
003 KOSZ 005
005 20190805143814.0
008 080205s1967 pl a f |000 0 pol
015 _aPB 1967/5867
035 _a(OCoLC)832775143
040 _aWA N
_cWA N
_dKOSZ 005/HR
041 1 _apol
_hrus
080 _a62-5
080 _a681.5
100 1 _aBelostocki, Anatolij Avrumovič.
_eAutor
245 1 0 _aZastosowanie maszyn matematycznych do kompleksowej automatyzacji procesów produkcyjnych /
_cA. A. Biełostocki, J. S. Waldenberg, L. J. Mierkuriew ; tł. K. Maciaszczyk.
246 1 _iTyt. oryg. :
_aPrimenenie vyčislitel'nyh mašin dlâ avtomatizacii proizvodstvennyh processov.
260 _aWarszawa :
_bWydawnictwa Naukowo-Techniczne,
_cdr. 1967.
300 _a208 s. [4] :
_bil. ;
_c23 cm.
336 _2rdacontent
_aTekst
_btxt
337 _2rdamedia
_aBez urządzenia pośredniczącego
_bn
338 _2rdacarrier
_aWolumin
_bn
380 _aKsiążki.
380 _aPublikiacje fachowe
385 _aInżynierowie
388 _a1901-2000
388 _a1945-1989
504 _aBibliogr.
521 8 _aDla inżynierów i techników.
658 _aInżynieria i technika
650 4 _aProdukcja
650 4 _aSterowanie
650 4 _aAutomatyzacja
700 1 _aVal'denberg, Ûrij Stanislavovič.
_eAutor
700 1 _aMerkur'ev, Leonid Ivanovič.
_eAutor
700 1 _aMaciaszczyk, Kazimierz.
_eTłumaczenie
710 2 _aWydawnictwa Naukowo-Techniczne
_4pbl.
856 _uhttp://koha.tu.koszalin.pl/cgi-bin/koha/opac-detail.pl?biblionumber=8444
_yKatalog online BPK
942 _2UKD
_cKS
999 _c8444
_d8444